Statistics for Havana City Trivia

Click here to take the quiz!

General Stats

  • This quiz has been taken 37 times
  • The average score is 7 of 17

Answer Stats

HintAnswer% Correct
Spanish pronunciation of "Havana"La Habana
81%
By the middle of the 18th century Havana was the third-largest city in the Americas,
trailing only behind these two cities (name either)
Lima | Mexico City
69%
The above contributed to the outbreak of this warSpanish-American War
66%
Closest world capital to HavanaNassau
63%
U.S. battleship that sank in the Havana Harbour in 1898 (hint: U.S. state)USS {Maine}
59%
Havana-native who sang for "Miami Sound Machine"Gloria Estefan
53%
Most famous cabaret and nightclubTropicana
50%
Part of Havana that is declared a UNESCO World Heritage Site{Old} Havana
47%
Largest public squarePlaza de la {Revolución}
41%
Singer who sang "Havana" in 2018Camila Cabello
38%
Strait Havana overlooksStraits of {Florida}
38%
Cuban poet for whom the current name of Havana's main airport is namedJosé Martí
19%
Most famous roadway along the coastMalecon
16%
Central business district that is the more modern part of the cityVedado
13%
River that acts as a water supply for HavanaAlmendares River
6%
Most common nickname of HavanaCity of {Column}s
6%
French pirate who attacked, burned and looted Havana in 1555Jacques de {Sores}
6%

Score Distribution

Percentile by Number Answered

Percent of People with Each Score

Your Score History

You have not taken this quiz